000 00491nam a22001817a 4500
003 MPLRDC
005 20220104144532.0
008 210129b ||||| |||| 00| 0 eng d
082 _a524.917 DZ v.5 1993
100 _a马来西亚华文独立中学统一课程编委会编纂
245 _a数学, 初三上册
_c
250 _a初版
260 _a
_b董总
_c1993
300 _b
490 _a初中适用
650 _a中等教育--初中数学
942 _cBK
_o524.917 DZ v.5 1993
999 _c50567
_d50557